| 000 | 00661nam a2200205 a 4500 | ||
|---|---|---|---|
| 005 | 20240925064928.0 | ||
| 008 | 991125s1988 mx 000 0 spa u | ||
| 020 | _a9682105986 | ||
| 035 | _aUPN01000054895 | ||
| 049 | _aCG | ||
| 050 | 4 |
_aLB1027 _bL4.88 |
|
| 100 | 1 |
_aLewis, David _929013 |
|
| 245 | 1 | 0 |
_aSu hijo puede ser un ganador : _bcómo estimular su aprendizaje y desarrollar sus habilidades mentales / _cDavid Lewis ; tr. Jordi Beltrán. |
| 260 |
_aMéxico : _bRoca, _c1988. |
||
| 300 | _a251 p. | ||
| 650 | 2 |
_aMotivación para el aprendizaje _94875 |
|
| 650 | 4 |
_aPadres e hijos _91360 |
|
| 650 | 4 |
_aPsicología del aprendizaje _95221 |
|
| 905 | _aLibro | ||
| 999 |
_c54895 _d54895 |
||